|
|
|
|
| LEADER |
00000nab a2200000 a 4500 |
| 001 |
vtls000650036 |
| 003 |
SK-MaSNL |
| 005 |
20260302191043.0 |
| 008 |
140302c1998 xo 0 slo |
| 015 |
|
|
|a SNBRA1998/01-00301
|
| 035 |
|
|
|a CLN000002231
|
| 040 |
|
|
|a SNKBUCL
|b slo
|c SNKBUCL
|e AACR2
|
| 041 |
0 |
|
|a slo
|
| 044 |
|
|
|a xo
|c SK
|
| 080 |
|
|
|a 616.28-008.5:616.281
|2 1997
|
| 080 |
|
|
|a 616.281
|2 1997
|
| 080 |
|
|
|a 616.8-008.9
|2 1997
|
| 100 |
1 |
|
|a Donáth, Vladimír,
|d 1949-
|4 aut
|9 47945
|
| 245 |
1 |
0 |
|a Ménierov syndróm - Ménierova choroba
|b typické sú: porucha sluchu pre nízke frekvencie, tinnitus a rotačné vertigo
|c Vladimír Donáth
|
| 650 |
0 |
7 |
|a syndróm Menierov
|2 snkbucl
|9 906039
|
| 650 |
0 |
7 |
|a choroba Ménierova
|2 snkbucl
|9 906040
|
| 655 |
|
7 |
|a články z novín a časopisov
|2 snkbucl
|2 snkbucl
|9 267496
|
| 773 |
0 |
|
|t Zdravotnícke noviny
|g Roč. 3, č. 3 (1998)
|
| 773 |
0 |
|
|t [Príl.] Lekárske listy
|g Č. 3 (1998), s. 12-13
|
| 850 |
|
|
|a Slovenská národná knižnica v Martine
|
| 852 |
|
|
|a SNK
|b KIS3GCP
|
| 992 |
|
|
|a RBX
|
| 999 |
|
|
|c 1435821
|d 1437751
|